History Quiz

Random History or Year Quiz

This Day in History: December Quiz Stats

Quiz Updated Jan 2, 2012

Challenge
Share
Tweet
Embed
Score 0/31 Timer 07:00
2 Plays Today
Day Answer % Correct
Dec 1Rosa Parks
93.2%
Dec 7Japan
91.3%
Dec 3Heart
90.4%
Dec 8John Lennon
87.9%
Dec 25Jesus Christ
81.7%
Dec 23Vincent van Gogh
74.2%
Dec 18Slavery
72.1%
Dec 12Delhi
66.4%
Dec 10Spain
59.5%
Dec 30Mexico
58.5%
Dec 20Panama
57.4%
Dec 19Jamestown, Virginia
53.6%
Dec 28Galileo Galilei
47.6%
Dec 14Apollo 17
45.6%
Dec 11Boris Yeltsin
45.5%
Dec 26Radium
44.9%
Day Answer % Correct
Dec 16Oliver Cromwell
44.8%
Dec 6Quito, Ecuador
43%
Dec 9Somalia
41.7%
Dec 22Romania
39.3%
Dec 17Simón Bolívar
38.8%
Dec 2Monroe Doctrine
38.4%
Dec 5Hispaniola
35.4%
Dec 13Nanking, China
33.5%
Dec 4Lebanon
24%
Dec 15Adolf Eichmann
17.6%
Dec 27Hagia Sophia
17.3%
Dec 24Treaty of Ghent
15.9%
Dec 29Sun Yat-sen
9%
Dec 31Taipei 101
8.1%
Dec 21Vespasian
5.1%

You're not logged in!

Compare scores with friends on all Sporcle quizzes.
Join for Free
OR
Log In

You Might Also Like...

Show Comments

Extras

Top Quizzes Today


Score Distribution

Your Account Isn't Verified!

In order to create a playlist on Sporcle, you need to verify the email address you used during registration. Go to your Sporcle Settings to finish the process.

Report this User

Report this user for behavior that violates our Community Guidelines.

Details: